000
00245nam a2200109Ia 4500
008
190216s9999||||xx |||||||||||||| ||und||
100
_a
Aswathappa
245
0
_a
Essentials Of Business Enviornment
260
_b
Null
300
_a
414p
942
_c
BK
999
_c
5518
_d
5518